中国各省人均GDP排名 Ranking of provinces in China by GDP per capita - Statistics

General Stats
  • This quiz has been taken 119 times
  • The average score is 22 of 31
Answer Stats
GDP 首字母 省区 % Correct
19.03 B 北京
100%
14.44 J 江苏
100%
17.99 S 上海
97%
12.68 F 福建
97%
10.19 G 广东
89%
11.92 T 天津
87%
9.21 H 湖北
83%
7.36 A 安徽
83%
11.85 Z 浙江
82%
8.60 S 山东
79%
9.07 C 重庆
76%
7.36 H 湖南
76%
6.86 X 新疆
74%
7.37 S 山西
72%
7.09 J 江西
71%
8.29 S 陕西
69%
9.65 N 内蒙古
66%
6.88 L 辽宁
63%
5.84 X 西藏
62%
5.22 G 广西
60%
4.50 G 甘肃
60%
5.23 G 贵州
59%
6.07 Q 青海
58%
5.53 J 吉林
56%
5.11 H 黑龙江
54%
6.98 N 宁夏
52%
6.78 S 四川
51%
5.70 H 河北
50%
6.21 H 河南
49%
6.17 Y 云南
49%
6.66 H 海南
39%
No matching quizzes found
Score Distribution
Percent of People with Each Score
Percentile by Number Answered
Your Score History
You have not taken this quiz